000 00908nam a22003017a 4500
003 CHAP
005 20220329135204.0
008 971013s1938 r 00010 d
010 _a32347
011 _a33319
035 _a37434
040 _cCHAP
082 _a544.83
_bN54
100 0 0 _aNiederl, Joseph B.
_981223
245 _aMicromethods of quantitative organic elementary analysis
260 _aNew York :
_bWiley,
_c1938
300 _a271 p.
_b: ilus.
590 _aBATCH-UPD
_b10
_c20130110
_lUCH01
_h1942
590 _aBATCH-UPD
_b10
_c20130410
_lUCH01
_h1305
590 _aBATCH-UPD
_b10
_c20130914
_lUCH01
_h1818
590 _aCONVERSION
_b10
_c20130109
_lUCH01
_h1318
650 1 4 _aMicroquímica.
_975533
650 1 4 _aQuímica analítica cuantitativa.
_993587
650 1 4 _aQuímica orgánica.
_993598
901 _aBK
942 _cLIBRO
949 _a544.83 N54
_bBC
_cBPP
_d-85870
_eBPP
_i37434
_si
999 _c32347
_d32347